MARC

LEADER 00000nam0a2200000 4500
001 377118
005 20231102012901.0
035 |a (RuTPU)RU\TPU\retro\34564 
090 |a 377118 
100 |a 20230208d1978 k y0rusy50 ca 
101 0 |a rus 
102 |a BY 
105 |a a z 001zy 
200 1 |a Современные проблемы геологии БССР  |e сборник научных трудов  |f Белорусский научно-исследовательский геологоразведочный институт 
210 |a Минск  |c [Б. и.]  |d 1978 
215 |a 148 с., [9] л.  |c ил. 
320 |a Библиогр. в конце ст. 
606 1 |a Геология  |y Беларусь  |2 stltpush  |3 (RuTPU)RU\TPU\subj\72310  |9 85872 
610 1 |a палеонтология 
610 1 |a стратиграфия 
610 1 |a неотектоника 
610 1 |a геоморфология 
610 1 |a фанерозой 
610 1 |a научные труды 
675 |a 55(476)  |v 4 
712 0 2 |a Белорусский научно-исследовательский геологоразведочный институт  |2 stltpush  |3 (RuTPU)RU\TPU\col\7965  |9 24442 
801 1 |a RU  |b 63413507  |c 20230208 
942 |c BK